000
00301nam a22001337a 4500
020
_a
9788120340480
082
_a
621.4
100
_a
Soman, K.
245
_a
Thermal Engineering
260
_a
New Delhi:
_b
PHI Learning,
_c
2011.
300
_a
693 p. ;
_b
24 cm.
500
_a
Paperback.
942
_c
BK
999
_c
33800
_d
33800